header

Deforestation and reforestation in Namibia the global consequences of local contradictions (Record no. 133682)

MARC details
000 -LEADER
fixed length control field 01557nam a2200385 a 4500
082 04 - DEWEY DECIMAL CLASSIFICATION NUMBER
Classification number 333.75096881
100 1# - MAIN ENTRY--AUTHOR NAME
Personal name Kreike, Emmanuel,
245 10 - TITLE STATEMENT
Title Deforestation and reforestation in Namibia the global consequences of local contradictions
260 ## - PUBLICATION, DISTRIBUTION, ETC. (IMPRINT)
Place of publication Leiden ;
-- Boston :
Name of publisher Brill,
Year of publication 2010.
300 ## - PHYSICAL DESCRIPTION
Number of Pages xiv, 224 p. :
Other physical details ill., maps.
490 1# - SERIES STATEMENT
Series statement Afrika-Studiecentrum series,
650 #0 - SUBJECT ADDED ENTRY--TOPICAL TERM
Topical Term Deforestation
Topical Term Reforestation
Topical Term Environmental policy
Topical Term Global environmental change.
856 40 - ELECTRONIC LOCATION AND ACCESS
Uniform Resource Identifier http://site.ebrary.com/lib/rucke/Doc?id=10439201

No items available.

© 2026 Rongo University
Contact us: librarian | system librarian | Rongo university